The state of the world's children, 2005: childhood under threat (Record no. 32747)

MARC details
000 -LEADER
fixed length control field 00833nam a2200229 a 4500
008 - FIXED-LENGTH DATA ELEMENTS--GENERAL INFORMATION
fixed length control field 131011s2004 ||||||||||||||||| || u
020 ## - INTERNATIONAL STANDARD BOOK NUMBER
International Standard Book Number 9280638173
050 ## - LIBRARY OF CONGRESS CALL NUMBER
Classification number UNICEF(058)
100 ## - MAIN ENTRY--PERSONAL NAME
Personal name Bellamy, Carol
245 14 - TITLE STATEMENT
Title The state of the world's children, 2005: childhood under threat
Statement of responsibility, etc. by Carol Bellamy
260 ## - PUBLICATION, DISTRIBUTION, ETC.
Place of publication, distribution, etc. New York:
Name of publisher, distributor, etc. United Nations Children's Fund (UNICEF)
Date of publication, distribution, etc. 2004
300 ## - PHYSICAL DESCRIPTION
Extent vii, 151p.: ill.
362 1# -
-- <p>2005</p>
500 ## - GENERAL NOTE
General note Bibliography
650 ## - SUBJECT ADDED ENTRY--TOPICAL TERM
Topical term or geographic name entry element CHILDREN'S RIGHTS
650 ## - SUBJECT ADDED ENTRY--TOPICAL TERM
Topical term or geographic name entry element CHILD--WELFARE
650 ## - SUBJECT ADDED ENTRY--TOPICAL TERM
Topical term or geographic name entry element CHILDREN
650 #0 - SUBJECT ADDED ENTRY--TOPICAL TERM
Topical term or geographic name entry element HUMAN RIGHTS
650 #0 - SUBJECT ADDED ENTRY--TOPICAL TERM
Topical term or geographic name entry element CHILDREN--SOCIAL CONDITIONS
710 ## - ADDED ENTRY--CORPORATE NAME
Corporate name or jurisdiction name as entry element United Nations Children's Fund (UNICEF)
995 ## -
-- SPECIAL COLLECTIONS
-- 1034
-- CBU-SCHOOL OF MEDICINE LIBRARY (Ndola)
-- UNICEF(058)SWC/2005
-- 1
-- AVAILABLE
-- Oct 16, 2013
-- B1034
-- Zambiana Collection
999 ## -
-- 32747
-- 32747
Holdings
Withdrawn status Lost status Source of classification or shelving scheme Damaged status Not for loan Permanent Location Current Location Shelving location Date acquired Total Checkouts Full call number Barcode Date last seen Price effective from Koha item type
          CBU-SCHOOL OF MEDICINE LIBRARY, NDOLA. CBU-SCHOOL OF MEDICINE LIBRARY, NDOLA.   11/30/2022   UNICEF(058) B1034 11/30/2022 11/30/2022 MONOGRAPH